Vista normal Vista MARC

Entrada Nombre personal

Número de registros utilizados en: 3

001 - NÚMERO DE CONTROL

  • campo de control: 6898

003 - IDENTIFICADOR DE NÚMERO DE CONTROL

  • campo de control: PE-LiUPU

005 - FECHA Y HORA DE LA ÚLTIMA TRANSACCIÓN

  • campo de control: 20251126155418.0

008 - ELEMENTOS DE DATO DE LONGITUD-FIJA

  • campo de control de longitud fija: 250922|| aca||aabn | a|a d

040 ## - FUENTE DE CATALOGACIÓN

  • Centro catalogador/agencia de origen: PE-LiUPU

100 ## - ENCABEZAMIENTO-NOMBRE DE PERSONA

  • Nombre de persona: Madrid Vicente, Antonio,
  • Término indicativo de función/relación: autor.